000 00464nam a22001577a 4500
999 _c9345
_d9345
008 210405b ||||| |||| 00| 0 eng d
040 _aBMS College of Architecture
100 _aKumar, Santhosh
245 _aPaediatric Hospital
300 _aNA
500 _a93BG050
502 _8B.Arch
_NBMS College of Architecture, Visvesvaraya Technological University
_aProject report
_d1999
650 _aHospital
700 _aK R Madhu Chand
_eGuide
942 _2ddc
_cTHE